[Event "French Top 12 2013"]
[Site "Haguenau FRA"]
[Date "2013.06.02"]
[Round "4.8"]
[White "Malassagne, Isabelle"]
[Black "Steil-Antoni, Fiona"]
[Result "1/2-1/2"]
[BlackTitle "WIM"]
[WhiteElo "1985"]
[BlackElo "2149"]
[WhiteTeam "Marseille Echecs"]
[BlackTeam "Vandoeuvre-Echecs"]
[WhiteFideId "20670265"]
[BlackFideId "4001249"]
[EventDate "2013.05.30"]

1. d4 e6 2. c4 Bb4+ 3. Bd2 Qe7 4. Nf3 f5 5. e3 Nf6 6. Bd3 O-O 7. O-O b6 8. Qb3
Bxd2 9. Nfxd2 Bb7 10. Nc3 c5 11. d5 Na6 12. dxe6 Qxe6 13. Rad1 Ng4 14. Nd5 Nb4
15. e4 fxe4 16. Bxe4 Nxd5 17. Bxd5 Bxd5 18. cxd5 Qe5 19. d6+ Kh8 20. Qh3 Nxf2
21. Rxf2 Rxf2 22. Kxf2 Qd4+ 23. Kg3 Qxd6+ 24. Kg4 Qd4+ 25. Kg3 Rf8 26. Rf1 Qe5+
27. Kg4 Rxf1 28. Nxf1 Qe4+ 29. Kh5 g6+ 30. Kg5 Qe5+ 31. Kh4 Qf4+ 32. g4 Qf2+ 33.
Ng3 h6 34. g5 h5 35. Qxd7 Qxh2+ 36. Qh3 Qxb2 37. Qc8+ Kh7 38. Qd7+ Qg7 39. Qe6
Qc7 40. Kh3 Qf4 41. Ne4 Qe3+ 1/2-1/2

[Event "French Top 12 2013"]
[Site "Haguenau FRA"]
[Date "2013.06.02"]
[Round "4.1"]
[White "Sokolov, Ivan"]
[Black "Swiercz, Dariusz"]
[Result "0-1"]
[WhiteTitle "GM"]
[BlackTitle "GM"]
[WhiteElo "2642"]
[BlackElo "2631"]
[WhiteTeam "L'Echiquier Chalonnais"]
[BlackTeam "C.E. de Rueil Malmaison"]
[WhiteFideId "14400030"]
[BlackFideId "1126881"]
[EventDate "2013.05.30"]

1. d4 Nf6 2. c4 e6 3. Nc3 Bb4 4. e3 O-O 5. Bd3 c5 6. Ne2 d5 7. O-O cxd4 8. exd4
dxc4 9. Bxc4 Nc6 10. Bg5 Be7 11. Qd3 Nd5 12. Bxd5 Bxg5 13. Be4 g6 14. Rad1 Bd7
15. a3 Qb6 16. Qg3 Bf6 17. Na4 Nxd4 18. Rxd4 Bxa4 19. Rb4 Qa5 20. Bxb7 Rab8 21.
Qf4 Qe5 22. Rc1 Rfd8 23. Qxe5 Bxe5 24. f4 Bf6 25. Rxa4 Rxb7 26. b4 Rd2 27. Kf1
Rbd7 28. Ke1 Bd8 29. b5 Bb6 30. Re4 Ra2 31. a4 Kg7 32. g4 Rd3 33. Rec4 Rf3 0-1

[Event "French Top 12 2013"]
[Site "Haguenau FRA"]
[Date "2013.06.02"]
[Round "4.3"]
[White "Krasenkow, Michal"]
[Black "Baron, Tal"]
[Result "1/2-1/2"]
[WhiteTitle "GM"]
[BlackTitle "GM"]
[WhiteElo "2642"]
[BlackElo "2467"]
[WhiteTeam "L'Echiquier Chalonnais"]
[BlackTeam "C.E. de Rueil Malmaison"]
[WhiteFideId "1113100"]
[BlackFideId "2809958"]
[EventDate "2013.05.30"]

1. Nf3 Nf6 2. c4 g6 3. Nc3 d5 4. cxd5 Nxd5 5. Qa4+ Nc6 6. Ne5 Qd6 7. Nxc6 Qxc6
8. Qxc6+ bxc6 9. b3 Nxc3 10. dxc3 Bg7 11. Bb2 a5 12. O-O-O a4 13. c4 Bxb2+ 14.
Kxb2 c5 15. e3 Bb7 16. f3 e6 17. Bd3 axb3 18. axb3 Ke7 19. Bc2 Rhd8 20. Rxd8
Rxd8 21. Kc3 h6 22. h4 Bc6 23. Rg1 e5 24. f4 Kf6 25. g4 exf4 26. exf4 Rd4 27.
g5+ hxg5 28. hxg5+ Ke6 29. f5+ gxf5 30. g6 Rd8 31. gxf7 Kxf7 32. Bxf5 Rh8 33.
Rg5 Ke7 34. Bg4 Rh4 35. Rxc5 Rxg4 36. Rxc6 Kd7 37. Rc5 c6 38. Rh5 Kc7 39. c5 Kb7
40. Rh8 Kc7 41. Rh7+ Kc8 42. Ra7 Rh4 43. Rg7 Rf4 44. Rg6 Kc7 45. Rd6 Rh4 46. Rd4
Rh1 47. Kb4 Ra1 48. Rh4 Kb7 49. Rh7+ Kb8 50. Rg7 Kc8 51. Rg3 Kb7 52. Kc4 Kc7 53.
Kd4 Rd1+ 54. Ke4 Rd5 55. Rg7+ Kb8 56. b4 Rh5 57. Rf7 Rg5 58. Rf5 Rg4+ 59. Rf4
Rg5 60. Kd4 Rd5+ 61. Kc4 Rd1 62. Rf7 Rb1 63. Re7 Rd1 64. b5 Rc1+ 65. Kd4 Rd1+
66. Kc3 Rc1+ 1/2-1/2

[Event "French Top 12 2013"]
[Site "Haguenau FRA"]
[Date "2013.06.02"]
[Round "4.4"]
[White "Renet, Olivier"]
[Black "Salgado Lopez, Ivan"]
[Result "1/2-1/2"]
[WhiteTitle "GM"]
[BlackTitle "GM"]
[WhiteElo "2469"]
[BlackElo "2598"]
[WhiteTeam "C.E. de Rueil Malmaison"]
[BlackTeam "L'Echiquier Chalonnais"]
[WhiteFideId "600040"]
[BlackFideId "2257327"]
[EventDate "2013.05.30"]

1. e4 c6 2. d4 d5 3. Nc3 dxe4 4. Nxe4 Nd7 5. Nf3 Ngf6 6. Nxf6+ Nxf6 7. c3 Bg4 8.
h3 Bh5 9. g4 Bg6 10. Ne5 Nd7 11. Nxg6 hxg6 12. d5 Qc7 13. Bg2 Nb6 14. dxc6 bxc6
15. Qf3 Rc8 16. Bf4 e5 17. Bg3 Bd6 18. h4 O-O 19. O-O-O e4 20. Qxe4 Bxg3 21.
fxg3 Qxg3 22. Rd3 Qf2 23. Qf3 Qxf3 24. Bxf3 Rfe8 25. b3 Nd5 26. Bxd5 cxd5 27.
Kd2 Re4 28. Rxd5 Rxg4 29. Rh2 f5 30. c4 Kh7 31. h5 Rc6 32. Kc3 f4 33. c5 f3 34.
hxg6+ Kxg6 35. Rf2 Rf6 36. Rd6 Rf4 37. Rxf6+ Rxf6 38. b4 Kg5 39. b5 Kg4 40. c6
Kg3 41. Rd2 f2 42. Rxf2 Kxf2 43. a4 g5 44. c7 1/2-1/2

[Event "French Top 12 2013"]
[Site "Haguenau FRA"]
[Date "2013.06.02"]
[Round "4.6"]
[White "Camus de Solliers, Guillaume"]
[Black "Dourerassou, Jonathan"]
[Result "0-1"]
[WhiteTitle "FM"]
[BlackTitle "IM"]
[WhiteElo "2346"]
[BlackElo "2464"]
[WhiteTeam "C.E. de Rueil Malmaison"]
[BlackTeam "L'Echiquier Chalonnais"]
[WhiteFideId "631256"]
[BlackFideId "628050"]
[EventDate "2013.05.30"]

1. d4 Nf6 2. Nf3 b5 3. g3 Bb7 4. Bg2 e6 5. O-O c5 6. c3 Be7 7. Nbd2 O-O 8. a4 b4
9. a5 Na6 10. Re1 Rc8 11. Qb3 Qc7 12. e4 bxc3 13. bxc3 cxd4 14. cxd4 Rb8 15. e5
Nd5 16. Ba3 Ba8 17. Qc4 Bxa3 18. Rxa3 Qxc4 19. Nxc4 Rfc8 20. Nd6 Rc7 21. Nd2 Rb4
22. Bf1 Nb8 23. Rb3 Nc6 24. Reb1 h6 25. N2e4 Rxb3 26. Rxb3 f5 27. Nc5 Nxd4 28.
Rb8+ Kh7 29. Na6 Nf3+ 30. Kg2 Ne3+ 31. fxe3 Rc2+ 32. Be2 Rxe2+ 33. Kf1 Re1+ 34.
Kf2 Bc6 35. Nb4 Be4 36. h4 Rb1 37. Nxe4 fxe4 38. Nc6 Ra1 39. Nxa7 Rxa5 40. Nb5
Ra2+ 41. Kf1 0-1

[Event "French Top 12 2013"]
[Site "Haguenau FRA"]
[Date "2013.06.02"]
[Round "4.7"]
[White "Vernay, Clovis"]
[Black "Houriez, Clement"]
[Result "1/2-1/2"]
[WhiteTitle "IM"]
[BlackTitle "FM"]
[WhiteElo "2434"]
[BlackElo "2285"]
[WhiteTeam "L'Echiquier Chalonnais"]
[BlackTeam "C.E. de Rueil Malmaison"]
[WhiteFideId "633046"]
[BlackFideId "649708"]
[EventDate "2013.05.30"]

1. d4 Nf6 2. c4 e6 3. Nc3 Bb4 4. Qc2 c5 5. dxc5 O-O 6. a3 Bxc5 7. Nf3 b6 8. Bg5
Bb7 9. e3 h6 10. Bh4 Be7 11. Be2 d6 12. Rd1 a6 13. O-O Qc7 14. Rd2 Nbd7 15. Rfd1
Rfd8 16. Nd4 Rac8 17. Bg3 Qb8 18. Qb3 Qa7 19. Qa2 Nc5 20. f3 d5 21. b4 Ncd7 22.
cxd5 Nxd5 23. Nxd5 Bxd5 24. Qb1 b5 25. Kh1 Nb6 26. e4 Ba8 27. Bf2 Qb8 28. Bg3
Qa7 29. Bf2 Qb8 30. Bg3 1/2-1/2

[Event "French Top 12 2013"]
[Site "Haguenau FRA"]
[Date "2013.06.02"]
[Round "4.8"]
[White "Congiu, Mathilde"]
[Black "Benmesbah, Natacha"]
[Result "1/2-1/2"]
[WhiteTitle "WIM"]
[BlackTitle "WIM"]
[WhiteElo "2230"]
[BlackElo "2237"]
[WhiteTeam "C.E. de Rueil Malmaison"]
[BlackTeam "L'Echiquier Chalonnais"]
[WhiteFideId "634581"]
[BlackFideId "642002"]
[EventDate "2013.05.30"]

1. e4 c5 2. Nf3 Nc6 3. Bb5 Nf6 4. Bxc6 dxc6 5. d3 Bg4 6. h3 Bxf3 7. Qxf3 Nd7 8.
Qg3 e6 9. O-O Be7 10. Qxg7 Bf6 11. Qg3 Bh4 12. Qh2 Rg8 13. Nd2 Qf6 14. Nc4 e5
15. Ne3 O-O-O 16. Nf5 Rg6 17. Kh1 Rdg8 18. g3 Bg5 19. Bxg5 Rxg5 20. Rab1 c4 21.
b4 cxd3 22. cxd3 Rd8 23. Rfc1 Kb8 24. Qg2 Nb6 25. Qf3 Qe6 26. Rb3 Nc8 27. Qe3
Rg6 28. b5 Ne7 29. bxc6 Nxc6 30. Rcb1 Rd7 31. Kg2 Rg8 32. Qc5 Rc8 33. Qb5 Nd4
34. Nxd4 exd4 35. Qg5 a6 36. R1b2 Ka7 37. Qa5 Rc6 38. Qf5 Qxf5 39. exf5 Rc3 40.
Kf3 b5 41. g4 Kb6 42. g5 Kc5 43. h4 Rxb3 44. Rxb3 a5 45. f6 a4 46. Rb1 b4 47. h5
b3 48. axb3 a3 49. b4+ Kb5 50. Kf4 Rd5 51. Rg1 Kxb4 52. g6 hxg6 53. hxg6 fxg6
54. Rxg6 Rd8 55. Ke5 a2 56. Rg1 Kb3 57. f7 Kb2 58. Ke6 a1=Q 59. Rxa1 Kxa1 60.
Ke7 Ra8 61. f8=Q Rxf8 62. Kxf8 Kb2 63. f4 Kc3 64. f5 Kxd3 65. f6 Kc2 66. Kg7 d3
67. f7 d2 68. f8=Q d1=Q 1/2-1/2

[Event "French Top 12 2013"]
[Site "Haguenau FRA"]
[Date "2013.06.02"]
[Round "4.1"]
[White "Gajewski, Grzegorz"]
[Black "Fedorchuk, Sergey A."]
[Result "1/2-1/2"]
[WhiteTitle "GM"]
[BlackTitle "GM"]
[WhiteElo "2653"]
[BlackElo "2660"]
[WhiteTeam "Mulhouse Philidor"]
[BlackTeam "Evry Grand Roque"]
[WhiteFideId "1116207"]
[BlackFideId "14102536"]
[EventDate "2013.05.30"]

1. d4 Nf6 2. c4 e6 3. Nc3 Bb4 4. Qc2 d6 5. e3 Nbd7 6. Bd3 Bxc3+ 7. Qxc3 b6 8.
Ne2 Bb7 9. f3 c5 10. e4 O-O 11. O-O h6 12. b3 Re8 13. d5 exd5 14. exd5 b5 15.
Ng3 Qb6 16. Bxh6 gxh6 17. Qd2 Re5 18. Qxh6 bxc4 19. bxc4 Qb2 20. Kh1 Ba6 21. f4
Rxd5 22. Rad1 Qc3 23. Ne4 Qd4 24. Nxf6+ Nxf6 25. Rf3 Ne4 26. Rdf1 Qxd3 27. Rxd3
Rxd3 28. f5 f6 29. Qg6+ Kf8 30. Qh6+ Kg8 31. Qg6+ 1/2-1/2

[Event "French Top 12 2013"]
[Site "Haguenau FRA"]
[Date "2013.06.02"]
[Round "4.2"]
[White "Nyzhnyk, Illya"]
[Black "Wojtaszek, Radoslaw"]
[Result "1/2-1/2"]
[WhiteTitle "GM"]
[BlackTitle "GM"]
[WhiteElo "2635"]
[BlackElo "2701"]
[WhiteTeam "Evry Grand Roque"]
[BlackTeam "Mulhouse Philidor"]
[WhiteFideId "14118084"]
[BlackFideId "1118358"]
[EventDate "2013.05.30"]

1. d4 Nf6 2. c4 e6 3. Nf3 b6 4. g3 Ba6 5. Qa4 Bb7 6. Bg2 c5 7. dxc5 bxc5 8. O-O
Be7 9. Nc3 O-O 10. Rd1 Qb6 11. Bf4 d6 12. Rab1 Nbd7 13. b4 Rfb8 14. a3 a6 15.
Qb3 h6 16. Rb2 Qc7 17. b5 Nb6 18. Rbd2 e5 19. Be3 Ne4 20. Nxe4 Bxe4 21. bxa6
Rxa6 22. Rb2 Raa8 23. Qa2 Na4 24. Rxb8+ Rxb8 25. Qd2 Rb3 26. Ne1 Bg6 27. Ra1 Rb2
28. Qc1 Qb6 29. Nd3 Rxe2 30. Nb4 Bg5 31. Nd5 Bxe3 32. Nxe3 Qb3 33. Bf3 Nc3 34.
a4 e4 35. Ra3 Re1+ 36. Qxe1 Qxa3 37. Bd1 Qc1 38. a5 Qa1 39. Kf1 Nxd1 40. Qxd1
Qxa5 41. Qxd6 Qa1+ 42. Kg2 Qd4 43. Qe7 1/2-1/2

[Event "French Top 12 2013"]
[Site "Haguenau FRA"]
[Date "2013.06.02"]
[Round "4.3"]
[White "Sokolov, Andrei1"]
[Black "Zherebukh, Yaroslav"]
[Result "1/2-1/2"]
[WhiteTitle "GM"]
[BlackTitle "GM"]
[WhiteElo "2563"]
[BlackElo "2629"]
[WhiteTeam "Mulhouse Philidor"]
[BlackTeam "Evry Grand Roque"]
[WhiteFideId "627089"]
[BlackFideId "14116804"]
[EventDate "2013.05.30"]

1. e4 e5 2. Nf3 Nc6 3. Bb5 Nf6 4. d3 d6 5. Nbd2 g6 6. Nf1 Bg7 7. Bg5 a6 8. Ba4
b5 9. Bb3 Na5 10. Ne3 h6 1/2-1/2

[Event "French Top 12 2013"]
[Site "Haguenau FRA"]
[Date "2013.06.02"]
[Round "4.4"]
[White "Nataf, Igor-Alexandre"]
[Black "Degraeve, Jean-Marc"]
[Result "1/2-1/2"]
[WhiteTitle "GM"]
[BlackTitle "GM"]
[WhiteElo "2548"]
[BlackElo "2567"]
[WhiteTeam "Evry Grand Roque"]
[BlackTeam "Mulhouse Philidor"]
[WhiteFideId "605492"]
[BlackFideId "600270"]
[EventDate "2013.05.30"]

1. e4 Nf6 2. Nc3 d5 3. e5 Nfd7 4. d4 c5 5. f4 cxd4 6. Nce2 Nc6 7. Nf3 Ndb8 8.
Nexd4 Bg4 9. h3 Bxf3 10. Nxf3 e6 11. Be3 Nd7 12. c3 Bc5 13. Qd2 Bxe3 14. Qxe3
Qb6 15. Qxb6 Nxb6 16. Bd3 Rc8 1/2-1/2

[Event "French Top 12 2013"]
[Site "Haguenau FRA"]
[Date "2013.06.02"]
[Round "4.6"]
[White "Milliet, Sophie"]
[Black "Ider, Borya"]
[Result "0-1"]
[WhiteTitle "IM"]
[BlackTitle "FM"]
[WhiteElo "2391"]
[BlackElo "2389"]
[WhiteTeam "Evry Grand Roque"]
[BlackTeam "Mulhouse Philidor"]
[WhiteFideId "623725"]
[BlackFideId "4901134"]
[EventDate "2013.05.30"]

1. e4 e6 2. d4 d5 3. Nc3 Bb4 4. e5 c5 5. a3 Bxc3+ 6. bxc3 Qa5 7. Bd2 Qa4 8. Qb1
c4 9. Nh3 Nc6 10. Nf4 Nge7 11. g3 Bd7 12. h4 O-O-O 13. Bh3 Rdf8 14. O-O Rhg8 15.
Qb2 Ng6 16. Nxd5 exd5 17. Bxd7+ Kxd7 18. Qxb7+ Ke6 19. f4 Nge7 20. f5+ Nxf5 21.
Rxf5 Ne7 22. Rf2 Qc6 23. Qb4 Nf5 24. g4 Ng3 25. Bg5 f6 26. exf6 gxf6 27. Bf4 Ne4
28. Rg2 h5 29. gxh5 Rxg2+ 30. Kxg2 Rg8+ 31. Kh2 Rg4 32. Qb8 Qd7 33. h6 Rxh4+ 34.
Kg2 Kf7 35. Qc7 Qxc7 36. Bxc7 Rxh6 37. Bf4 Rh4 38. Bb8 a6 39. a4 Nxc3 40. Ra3
Ne2 41. c3 Re4 42. Bd6 f5 43. Bb4 Re3 44. a5 Ke6 45. Ra1 Nxd4 46. cxd4 c3 47.
Bf8 c2 48. Bh6 Ra3 49. Bd2 Rd3 50. Bh6 Kf7 51. Re1 Rxd4 52. Re5 Rd1 53. Bc1 0-1

[Event "French Top 12 2013"]
[Site "Haguenau FRA"]
[Date "2013.06.02"]
[Round "4.7"]
[White "Riff, Jean-Noel"]
[Black "Moussard, Jules"]
[Result "1-0"]
[WhiteTitle "IM"]
[BlackTitle "IM"]
[WhiteElo "2458"]
[BlackElo "2437"]
[WhiteTeam "Mulhouse Philidor"]
[BlackTeam "Evry Grand Roque"]
[WhiteFideId "611190"]
[BlackFideId "642908"]
[EventDate "2013.05.30"]

1. e4 c5 2. Nf3 d6 3. d4 cxd4 4. Nxd4 Nf6 5. Nc3 Nc6 6. Bg5 Bd7 7. Qd2 Rc8 8.
O-O-O Nxd4 9. Qxd4 Qa5 10. Bd2 e6 11. f3 a6 12. Kb1 Qc5 13. Qd3 Be7 14. g4 Bc6
15. g5 Nd7 16. f4 b5 17. Be3 Qb4 18. a3 Qa5 19. Qd4 O-O 20. Rg1 Rfe8 21. h4 Rb8
22. Na2 Qc7 23. Bh3 Nc5 24. Bg2 a5 25. Bd2 Bf8 26. Rge1 Rb7 27. h5 Reb8 28. g6
e5 29. fxe5 dxe5 30. Qf2 b4 31. axb4 axb4 32. Qxf7+ Qxf7 33. gxf7+ Kxf7 34. Rf1+
Ke8 35. Rf5 Nd7 36. Nc1 Ra8 37. Be3 Rb5 38. Nb3 Be7 39. Rdf1 h6 40. Re1 Bd6 41.
Bf2 Nf6 42. Bh4 Be7 43. Bf1 Rab8 44. Bxb5 Rxb5 45. Bg3 Nd7 46. Nd2 Bf6 47. Nc4
Ke7 48. Rf3 Ke6 49. Rd3 Be7 50. Red1 Rc5 51. b3 Bb5 52. Bf2 Rc7 53. Rg3 Bxc4 54.
bxc4 Bf6 55. c5 Nxc5 56. Bxc5 Rxc5 57. Kb2 Rc4 58. Re3 Rd4 59. Rdd3 Be7 60. Kb3
Kf6 61. Rxd4 exd4 62. Rg3 Kf7 63. Kc4 Bd6 64. Rg6 Be5 65. Kd5 d3 66. cxd3 Bf6 1-0

[Event "French Top 12 2013"]
[Site "Haguenau FRA"]
[Date "2013.06.02"]
[Round "4.8"]
[White "Bergez, Luc"]
[Black "Choisy, Mathilde"]
[Result "1/2-1/2"]
[WhiteTitle "IM"]
[BlackTitle "WFM"]
[WhiteElo "2399"]
[BlackElo "2166"]
[WhiteTeam "Evry Grand Roque"]
[BlackTeam "Mulhouse Philidor"]
[WhiteFideId "606600"]
[BlackFideId "634565"]
[EventDate "2013.05.30"]

1. e4 c5 2. Nf3 e6 3. b3 a6 4. Bb2 Nc6 5. Qe2 Nf6 6. e5 Nd5 7. g3 Be7 8. c4 Nc7
9. Nc3 O-O 10. Bg2 f6 11. Na4 Ne8 12. O-O fxe5 13. Nxe5 Nxe5 14. Qxe5 d6 15. Qe3
Rb8 16. d4 b5 17. cxb5 axb5 18. Nc3 cxd4 19. Qxd4 d5 20. Rac1 Bf6 21. Qd2 Bg5
22. f4 Qb6+ 23. Kh1 Bf6 24. f5 d4 25. Ne4 e5 26. g4 h6 27. Qe2 Bb7 28. Ba3 b4
29. Qc4+ Rf7 30. Qe6 Bxe4 31. Bxe4 bxa3 32. Rc6 Qb5 33. Rfc1 Kf8 34. Bd5 Rbb7
35. R6c5 Qd7 36. Qa6 Ra7 37. Qd3 Re7 38. b4 Nd6 39. b5 e4 40. Qb3 e3 41. b6 e2
42. Re1 Rb7 43. Be6 Qd8 44. Rc6 Ne8 45. Rxe2 d3 46. Rd2 Qd4 47. Qxd3 Rxb6 48.
Rxb6 Qxb6 49. Qxa3 Qb1+ 50. Kg2 Qe4+ 51. Qf3 Qxf3+ 52. Kxf3 Ra7 53. h3 Ke7 54.
a4 Nd6 55. Ra2 Ra5 56. Bb3 Nb7 57. Bc4 Nc5 58. Bb5 Kd6 59. Rd2+ Ke7 60. Ra2 Nb3
61. Ke4 Kd6 62. Ra3 Nc5+ 63. Kf3 Kd5 64. Ke3 Bd4+ 65. Kf4 Be5+ 66. Ke3 Bb2 67.
Ra2 Bd4+ 68. Kf4 Bf6 69. Rd2+ Bd4 70. Ra2 Ne4 71. Be8 Nc3 72. Rd2 Kc5 73. h4
Nd5+ 74. Kf3 Ra8 75. Bc6 Rb8 76. Bxd5 Kxd5 77. g5 hxg5 78. hxg5 Ke5 79. Kg4 Ra8
80. Re2+ Kd6 81. Rd2 Rxa4 82. Kh5 Ke7 83. Kg6 Ra6+ 84. Kh7 Ba1 85. Rd5 Bb2 86.
Rb5 Ba1 1/2-1/2

[Event "French Top 12 2013"]
[Site "Haguenau FRA"]
[Date "2013.06.02"]
[Round "4.1"]
[White "Ragger, Markus"]
[Black "Inkiov, Ventzislav"]
[Result "1-0"]
[WhiteTitle "GM"]
[BlackTitle "GM"]
[WhiteElo "2666"]
[BlackElo "2465"]
[WhiteTeam "Bischwiller"]
[BlackTeam "Migne Echecs"]
[WhiteFideId "1610856"]
[BlackFideId "2900033"]
[EventDate "2013.05.30"]

1. d4 Nf6 2. c4 e6 3. Nf3 Bb4+ 4. Nbd2 O-O 5. a3 Bxd2+ 6. Qxd2 b6 7. e3 Bb7 8.
Be2 d6 9. O-O Nbd7 10. b4 Ne4 11. Qc2 f5 12. d5 e5 13. Nd2 Nxd2 14. Bxd2 c6 15.
dxc6 Bxc6 16. Rfd1 Qh4 17. Be1 Rf6 18. f4 Qh6 19. Bg3 g5 20. c5 bxc5 21. fxe5
Nxe5 22. Bxe5 dxe5 23. Qxc5 Qf8 24. Qxe5 Re8 25. Qd4 Qe7 26. b5 Bb7 27. Rac1
Ref8 28. Qxa7 f4 29. Bf3 R6f7 30. exf4 Ra8 31. Qd4 Bxf3 32. gxf3 Qxa3 33. fxg5
Raf8 34. Rc3 Qb2 35. Qc4 Kh8 36. Rb3 Qa2 37. Rf1 Rf4 38. Qc3+ Kg8 39. Rb2 Qa8
40. Qc6 Qd8 41. Rg2 Qd4+ 42. Kh1 Qd3 43. Rfg1 Qxf3 44. Qxf3 Rxf3 45. Rb2 Rb8 46.
b6 Rc3 47. b7 Rc7 48. Rgb1 Kg7 49. Rb6 Rc5 50. R1b5 Rc2 51. Kg1 Rd8 52. Rb1 Rb8
53. h4 Rc4 54. R1b4 Rc5 55. Kf2 Rc7 56. Ke3 Rd7 57. Ke4 Kf7 58. R4b5 Rd1 59.
Rf5+ Kg7 60. Rc5 Rd7 61. Rcb5 Rd1 62. Kf5 Rd2 63. h5 Kf7 64. Rf6+ Kg7 65. h6+
Kg8 66. Rc5 Rf2+ 67. Ke6 Re2+ 68. Kd6 Ree8 69. Kc7 Rbd8 70. Re5 1-0

[Event "French Top 12 2013"]
[Site "Haguenau FRA"]
[Date "2013.06.02"]
[Round "4.3"]
[White "Schlosser, Philipp"]
[Black "Velikov, Petar"]
[Result "1-0"]
[WhiteTitle "GM"]
[BlackTitle "GM"]
[WhiteElo "2602"]
[BlackElo "2422"]
[WhiteTeam "Bischwiller"]
[BlackTeam "Migne Echecs"]
[WhiteFideId "4600169"]
[BlackFideId "2900149"]
[EventDate "2013.05.30"]

1. d4 d5 2. c4 c6 3. Nf3 Nf6 4. e3 Bf5 5. Nc3 e6 6. Nh4 Bg6 7. Be2 Nbd7 8. O-O
Bd6 9. g3 O-O 10. Nxg6 hxg6 11. Qb3 Rb8 12. Rd1 Qe7 13. Qc2 dxc4 14. Bxc4 Nb6
15. Bb3 Rbc8 16. Ne4 Nxe4 17. Qxe4 Rfd8 18. a3 Nd5 19. Bd2 Nf6 20. Qc2 c5 21.
Rac1 c4 22. Ba2 b5 23. f4 Qb7 24. Bb1 Qb6 25. Be1 Be7 26. Qe2 a5 27. Bf2 Qc6 28.
e4 b4 29. axb4 axb4 30. g4 c3 31. g5 Nh5 32. Be3 Qd6 33. bxc3 Rxc3 34. Rxc3 bxc3
35. Qf3 Qc6 36. Bc2 Qa8 37. Rb1 Qa2 38. Qf2 Bd6 39. e5 Bf8 40. Be4 Qc4 41. Kg2
Ba3 42. Kf3 Rc8 43. Qc2 Bb2 44. Rd1 Rd8 45. Qe2 Qc7 46. Kf2 Rc8 47. Qc2 Ba3 48.
Ra1 Bb2 49. Ra4 Rb8 50. Qd3 Rc8 51. Qc2 Rb8 52. Ra6 Qd7 53. Qa4 Rd8 54. Qxd7
Rxd7 55. Ra4 Rc7 56. Bc2 Rd7 57. Ke2 Rd8 58. Kd3 Rd7 59. Bb3 Kh7 60. Kc2 Kg8 61.
Ra8+ Kh7 62. Ba4 Rb7 63. Bc6 Rc7 64. d5 exd5 65. Bxd5 1-0

[Event "French Top 12 2013"]
[Site "Haguenau FRA"]
[Date "2013.06.02"]
[Round "4.5"]
[White "Kosten, Anthony C."]
[Black "Saada, Julien"]
[Result "0-1"]
[WhiteTitle "GM"]
[BlackTitle "FM"]
[WhiteElo "2479"]
[BlackElo "2323"]
[WhiteTeam "Bischwiller"]
[BlackTeam "Migne Echecs"]
[WhiteFideId "400114"]
[BlackFideId "625388"]
[EventDate "2013.05.30"]

1. c4 e6 2. Nf3 d5 3. g3 Nf6 4. Bg2 dxc4 5. Qa4+ Nbd7 6. O-O a6 7. Qxc4 b5 8.
Qc2 Bb7 9. a4 c5 10. d3 Be7 11. axb5 axb5 12. Rxa8 Qxa8 13. Na3 Bc6 14. e4 O-O
15. Bf4 Rc8 16. Qd2 c4 17. Ne5 c3 18. Qe2 Nxe5 19. Bxe5 Bxa3 20. bxa3 Qxa3 21.
Bxf6 gxf6 22. d4 Bd7 23. Qg4+ Kf8 24. Qf3 b4 25. Qxf6 b3 26. e5 Ke8 27. d5 Qe7
28. Qf4 exd5 29. Bxd5 b2 30. Qd4 Bf5 31. e6 fxe6 32. Ba2 Qc5 33. Qh8+ Kf7 34.
Bxe6+ Bxe6 35. Qxh7+ Ke8 36. Qg6+ Bf7 37. Re1+ Kf8 38. Qh7 Qh5 39. Qe4 c2 40.
Qb4+ Qc5 41. Qxb2 Qc3 0-1

[Event "French Top 12 2013"]
[Site "Haguenau FRA"]
[Date "2013.06.02"]
[Round "4.6"]
[White "Fougerit, Valentin"]
[Black "Netzer, Jean"]
[Result "0-1"]
[BlackTitle "IM"]
[WhiteElo "2209"]
[BlackElo "2406"]
[WhiteTeam "Migne Echecs"]
[BlackTeam "Bischwiller"]
[WhiteFideId "634670"]
[BlackFideId "623350"]
[EventDate "2013.05.30"]

1. e4 c5 2. Nf3 e6 3. c3 Nf6 4. e5 Nd5 5. d4 cxd4 6. cxd4 d6 7. Bc4 Nb6 8. Bb3
Nc6 9. exd6 Bxd6 10. O-O O-O 11. Re1 Nd5 12. Nc3 Nf6 13. a3 Be7 14. Be3 Qa5 15.
Qc2 Qh5 16. Rad1 Rd8 17. Ne2 Nd5 18. Bc1 Bd6 19. Ng3 Bxg3 20. hxg3 Bd7 21. Re4
Rac8 22. Qe2 Qg6 23. Bc2 f5 24. Rh4 Re8 25. Ne5 Nxe5 26. dxe5 Bc6 27. f3 Qxg3
28. Rdd4 Red8 29. Rh3 Bb5 30. Qxb5 Qe1+ 31. Kh2 Qxe5+ 0-1

[Event "French Top 12 2013"]
[Site "Haguenau FRA"]
[Date "2013.06.02"]
[Round "4.8"]
[White "Le Bail, Clara"]
[Black "Maisuradze, Nino"]
[Result "0-1"]
[BlackTitle "WGM"]
[WhiteElo "1969"]
[BlackElo "2304"]
[WhiteTeam "Migne Echecs"]
[BlackTeam "Bischwiller"]
[WhiteFideId "648167"]
[BlackFideId "13601717"]
[EventDate "2013.05.30"]

1. e4 c5 2. Nf3 Nc6 3. c3 Qa5 4. Be2 d6 5. O-O Nf6 6. Qc2 Bg4 7. Na3 Rc8 8. Re1
g6 9. Nc4 Qc7 10. Ne3 Bxf3 11. Bxf3 e6 12. d3 b5 13. Bd2 Bg7 14. Ng4 O-O 15.
Rad1 b4 16. Qa4 a5 17. Ne3 Rfd8 18. a3 Rb8 19. Rc1 b3 20. d4 Nd7 21. d5 Nce5 22.
Be2 Nb6 23. Qxb3 Nbc4 24. Qd1 Nxb2 25. Qc2 c4 26. Rb1 Ned3 27. Rf1 Nf4 28. Bf3
Nbd3 29. Rxb8 Rxb8 30. Rb1 Rc8 31. Rb5 exd5 32. exd5 Ne5 33. Bd1 Nfd3 34. Be2 f5
35. Qb1 f4 36. Rb7 Qc5 37. Rb5 Qc7 38. Rb7 Qd8 39. Nd1 f3 40. Bf1 fxg2 41. Bxg2
Qf8 42. Be3 Re8 43. h3 Nf3+ 44. Kh1 Bxc3 45. Qc2 Bg7 46. Qxc4 Nde1 47. Qc7 Nh4
48. Bf1 Nf5 49. Bg2 Re7 50. Qb8 Rxb7 51. Qxb7 Nxe3 52. fxe3 Be5 53. Qd7 Nc2 54.
a4 Nb4 55. Qb5 Qd8 56. Qf1 Qd7 57. Nf2 Qxa4 58. Ng4 Qd7 59. Nxe5 dxe5 60. Qa1
Qc7 61. d6 Qxd6 62. Qxa5 Kg7 63. Qa7+ Kh6 64. Qf7 Nc2 65. Qf2 Qc5 66. Qh4+ Kg7
67. e4 Nd4 68. Qg4 Qc1+ 69. Kh2 Qf4+ 70. Kg1 Qxg4 71. hxg4 Kf6 72. Kf2 Kg5 73.
Kg3 Ne2+ 74. Kf3 Nf4 75. Bf1 Kh4 76. Ba6 Ne6 77. Bc8 Ng5+ 78. Ke3 Kg3 79. Bd7
Nf3 80. Kd3 Nh2 81. Kc4 Nxg4 82. Kd5 0-1

[Event "French Top 12 2013"]
[Site "Haguenau FRA"]
[Date "2013.06.03"]
[Round "5.1"]
[White "Fedorchuk, Sergey A."]
[Black "Landa, Konstantin"]
[Result "1/2-1/2"]
[WhiteTitle "GM"]
[BlackTitle "GM"]
[WhiteElo "2660"]
[BlackElo "2644"]
[WhiteTeam "Evry Grand Roque"]
[BlackTeam "Vandoeuvre-Echecs"]
[WhiteFideId "14102536"]
[BlackFideId "4101685"]
[EventDate "2013.05.30"]

1. e4 c5 2. Nf3 Nc6 3. Bb5 Nf6 4. Nc3 g6 5. Bxc6 dxc6 6. d3 Bg4 7. h3 Bxf3 8.
Qxf3 Bg7 9. Bd2 Nd7 10. Nd1 Nf8 11. Bc3 Bd4 12. Qe2 Ne6 13. Ne3 Qc7 14. a4 b6
15. Qd2 h5 1/2-1/2